000 00759nas a2200253 4500
001 BR8005058
003 BR-BrBNA
005 20231205084401.0
007 ta
008 230509b bl.|||p| |||| 00| 00por d
040 _aBR-BrBNA
_bpor
_cBiblioteca Nacional de Agricultura
041 _a(Pt)
072 _aF21
100 1 _aLopes, E.S.
100 1 _aOliveira, E. de
100 1 _aNeptune, A.M.L.
245 1 _aEfeito de especies de micorrizas vesicular-arbusculares em siratro (Macroptilium atropurpureum)
_bParte de tese
650 _aSIRATRO
650 _aMICORRIZA
650 _aSIMBIOSE
773 0 _tBragantia (Brazil)
_xISSN 0006-8705
_g(1980), v. 39 p. 241-245
_wBR8005058
909 _a202311
_bLúcia
_c55
_dLúcia Elande
942 _2AGRIS
_n0
_cANA
999 _c104862
_d104862